000 00447cam a22001575a 4500
001 125952
005 20250224154546.0
008 970507s1996 enk 000 0 eng
020 _a0273622919 :
_c$35.69
100 1 _aLewis, Richard,
_d1941 Sept 30-
245 1 0 _aAdvanced financial accounting /
_cRichard Lewis and David Pendrill.
250 _a5th ed.
260 _aLondon :
_bPitman Publishing,
_c1996.
300 _a640 p.
942 _2lcc
_cBK
_n0
999 _c4261
_d4261